[Event "IECC CL3-2007.14 email"]
[Site "IECC email"]
[Date "2007.12.24"]
[Round "?"]
[White "Castillo, German Antonio"]
[Black "Christensen, Jesper Durr"]
[Result "1/2-1/2"]
[WhiteElo "1818"]
[BlackElo "1968"]
[PlyCount "57"]
[EventDate "2007.??.??"]
[EventType "tourn (corr)"]
[EventRounds "4"]
[SourceTitle "Corr 2015"]
[Source "ChessBase"]
[SourceDate "2015.07.17"]
[SourceVersion "1"]
[SourceVersionDate "2015.07.17"]
[SourceQuality "1"]
[WhiteTeam "Mexico"]
[BlackTeam "Denmark"]
[WhiteTeamCountry "MEX"]
[BlackTeamCountry "DEN"]

1. c4 e5 2. Nc3 Nf6 3. Nf3 d6 4. d4 Nbd7 5. e4 Be7 6. Be2 c6 7. 0-0 0-0 8. Re1 a6 9. a4 a5 10. h3 Qc7 11. Qc2 Re8 12. d5 Nc5 13. Bf1 Bd7 14. Bg5 Qb6 15. Rab1 Rac8 16. b4 axb4 17. Qb2 Ra8 18. Qxb4 Qxb4 19. Rxb4 Bd8 20. Be3 Ba5 21. Bxc5 dxc5 22. Rb3 Bxc3 23. Rxc3 Rxa4 24. Bd3 h6 25. g4 Rb4 26. Rb1 g5 27. Nd2 Rxb1+ 28. Bxb1 h5 29. Rb3 1/2-1/2

[Event "IECC CL3-2007.14 email"]
[Site "IECC email"]
[Date "2007.12.24"]
[Round "?"]
[White "Lorenzo, Alfredo"]
[Black "Castillo, German Antonio"]
[Result "1/2-1/2"]
[WhiteElo "1822"]
[BlackElo "1832"]
[PlyCount "91"]
[EventDate "2007.??.??"]
[EventType "tourn (corr)"]
[EventRounds "4"]
[SourceTitle "Corr 2015"]
[Source "ChessBase"]
[SourceDate "2015.07.17"]
[SourceVersion "1"]
[SourceVersionDate "2015.07.17"]
[SourceQuality "1"]

1. e4 c5 2. Nf3 d6 3. c3 Nf6 4. Bc4 Nxe4 5. Qa4+ Nd7 6. Bxf7+ Kxf7 7. Qxe4 h6 8. Nh4 Nf6 9. Qg6+ Kg8 10. 0-0 Qe8 11. d4 cxd4 12. cxd4 Qf7 13. Nc3 a6 14. Bd2 b5 15. Rfe1 Bb7 16. Rac1 Nd5 17. Nxd5 Bxd5 18. Rc7 Bxa2 19. Re3 Bb3 20. Qg3 Qh5 21. Ng6 Bf7 22. Nxf8 Rxf8 23. Rexe7 Qd1+ 24. Be1 h5 25. Qxd6 Rh6 26. Qe5 Rg6 27. Rcd7 Qg4 28. g3 h4 29. Qe4 Qxe4 30. Rxe4 hxg3 31. hxg3 Be6 32. Rc7 Bd5 33. Re5 Rc6 34. Rxc6 Bxc6 35. f4 Re8 36. Kf2 Rxe5 37. dxe5 Kf7 38. Ke3 Ke6 39. Kd4 Bd7 40. b4 Bc6 41. Bf2 Bd7 42. Bg1 Bc8 43. Bh2 g6 44. Bg1 Bd7 45. Kc5 g5 46. Be3 1/2-1/2